000 02049nam a22004697b 4500
001 0002389186
003 DO-SdBNP
005 20160524154300.0
007 0002389186
008 061031s2006 sp | ||| ||spa
016 7 _a
_2BPMSU
017 _a
_b
020 _a9788408067559
035 _a
040 _aBPMSU
_bspa
_cBPMSU
_e
041 1 _aspa
_h
080 0 _a
100 1 _aStilton, Geronimo
240 1 0 _aQuella stratopica vacanza alla pensione Mirasorci--
_lEspañol
245 1 0 _a¡Qué vacaciones tan superratónicas! /
_h
_cGeronimo Stilton ; ilustraciones de Larry Keys y Miss Hoops ; traducción de Manuel Manzano
250 _a
260 _a[Barcelona] :
_bDestino,
_c2006
300 _a88, [20] p. :
_bil. ;
_c20 cm
490 0 _a Humor y viajes
_v24
700 1 _aKeys, Larry
_eil.
700 1 _aHoops, Miss
_eil.
830 _aHumor y viajes
_v24
942 _2ddc
_cBK
956 _a2
980 _aM 20373-2006
_a84-08-06755-9
_aM-BN
_bBNALCALA
_j12/393486
_cALCALA
980 _aM 39457-2006
_a84-08-06755-9
_aM-BN
_bBNALCALA
_jDL/1513924
_cCONSERVACI
980 _aM 39457-2006
_a84-08-06755-9
_aM-BN
_bBNALCALA
_jAHMo/230347
_cSG_PETANTI
980 _aM 20373-2006
_a84-08-06755-9
_aM-BN
_bBNALCALA
_jDL/1542617
_cCONSERVACI
980 _aM 20373-2006
_a84-08-06755-9
_aM-BN
_bBNALCALA
_jAHMo/252681
_cSG_PETANTI
980 _aM 39457-2006
_a84-08-06755-9
_aM-BN
_bBNALCALA
_jAHM/850250
_cSALA_ALC
980 _aM 10638-2007
_a978-84-08-06755-9 (ISBN único)
_aM-BN
_bBNALCALA
_jDL/1550481
_cCONSERVACI
980 _aM 10638-2007
_a978-84-08-06755-9 (ISBN único)
_aM-BN
_bBNALCALA
_jAHMo/258900
_cSG_PETANTI
980 _aM 23798-2007
_a978-84-08-06755-9 (ISBN único)
_aM-BN
_bBNALCALA
_jDL/1570070
_cCONSERVACI
980 _aM 23798-2007
_a978-84-08-06755-9 (ISBN único)
_aM-BN
_bBNALCALA
_jAHMo/275280
_cSG_PETANTI
980 _aM 40982-2007
_a978-84-08-06755-9 (ISBN único)
_aM-BN
_bBNALCALA
_jAHMo/297285
_cSG_PETANTI
980 _aM 40982-2007
_a978-84-08-06755-9 (ISBN único)
_aM-BN
_bBNALCALA
_jDL/1598325
_cCONSERVACI
999 _c10214
_d10214